<?xml version="1.0" encoding="UTF-8"?>
<collection xmlns="http://www.loc.gov/MARC21/slim">
 <record>
  <leader>03949nam a22003491a 4500</leader>
  <controlfield tag="001">000041166</controlfield>
  <controlfield tag="003">17462</controlfield>
  <controlfield tag="005">20240619162040.0</controlfield>
  <controlfield tag="008">170307s2016    vm            000   eng</controlfield>
  <datafield tag="041" ind1=" " ind2=" ">
   <subfield code="a">eng</subfield>
  </datafield>
  <datafield tag="082" ind1=" " ind2=" ">
   <subfield code="a">401</subfield>
   <subfield code="b">NG-L</subfield>
  </datafield>
  <datafield tag="100" ind1=" " ind2=" ">
   <subfield code="a">Nguyễn,Thị Hồng Liên</subfield>
  </datafield>
  <datafield tag="245" ind1=" " ind2="3">
   <subfield code="a">An appraisal analysis of the language of judges in american idol /</subfield>
   <subfield code="c">Nguyễn Thị Hồng Liên.</subfield>
  </datafield>
  <datafield tag="260" ind1=" " ind2=" ">
   <subfield code="a">ĐHNN,</subfield>
   <subfield code="c">2016.</subfield>
  </datafield>
  <datafield tag="300" ind1=" " ind2=" ">
   <subfield code="a">80tr . : ill ; 30cm.</subfield>
  </datafield>
  <datafield tag="520" ind1=" " ind2=" ">
   <subfield code="a">This study aimed to discover the syntactic, semantic and pragmatic aspects of attitude in the judges‟ evaluative language in the reality game show American Idol. Based on a theoretical framework of Appraisal framework, functional grammar and speech act theory, this descriptive study sought the qualitative information about the semantic values of the judges‟ evaluative remarks in expressing attitude in American Idol. The corpus of about 100 English samples randomly gathered from different sources such as newspaper articles, essays, and transcripts in print and on the internet. The study found that attitude in the judges‟ evaluative language in the reality game show American Idol was characterized semantically in three sub-categories: affect, judgement and appreciation. In terms of affect, it is divided into 4 main types: Dis/inclination, Un/happiness, In/security and Dis/satisfaction. In terms of judgement, it is divided into 2 distinctions: social Esteem and social Sanction. Syntactically, attitude in language of judges in American Idol can be expressed with a variety of linguistic structures with both major and minor clauses. Pragmatically, in terms of speech acts, attitudinal values were recognized with the representative and expressive and declaration meaning of illocutionary force such as representative with function of imparting descriptive information, expressive with fucntion of expressing the judges‟ emotion/feeling about the performances of candidates and declaration with function in giving yes/no to signal the admission for the candidate to the next rounds.</subfield>
  </datafield>
  <datafield tag="653" ind1=" " ind2=" ">
   <subfield code="a">appraisal analysis, american idol</subfield>
  </datafield>
  <datafield tag="653" ind1=" " ind2=" ">
   <subfield code="a">american idol</subfield>
  </datafield>
  <datafield tag="OWN" ind1=" " ind2=" ">
   <subfield code="a">LNN</subfield>
  </datafield>
  <datafield tag="AVA" ind1=" " ind2=" ">
   <subfield code="a">UDN50</subfield>
   <subfield code="b">LNN</subfield>
   <subfield code="c">English</subfield>
   <subfield code="d">401 NG-L</subfield>
   <subfield code="e">available</subfield>
   <subfield code="t">Error 5001 Not defined in file expand_doc_bib_avail.</subfield>
   <subfield code="f">1</subfield>
   <subfield code="g">0</subfield>
   <subfield code="h">N</subfield>
   <subfield code="i">0</subfield>
   <subfield code="j">AN</subfield>
   <subfield code="k">1</subfield>
  </datafield>
  <datafield tag="Z40" ind1="3" ind2=" ">
   <subfield code="y">AN APPRAISAL ANALYSIS OF THE LANGUAGE OF JUDGES IN AMERICAN IDOL</subfield>
   <subfield code="l">Library of UFL</subfield>
   <subfield code="t">VIEW</subfield>
   <subfield code="x">http://catalog.udn.vn:80/F?func=service&amp;doc_library=UDN01&amp;local_base=UDN01&amp;doc_number=000041166&amp;sequence=000001&amp;line_number=0001&amp;func_code=DB_RECORDS&amp;service_type=MEDIA</subfield>
   <subfield code="f">tomtat_000007976.pdf</subfield>
   <subfield code="e">pdf</subfield>
   <subfield code="s">000349094</subfield>
   <subfield code="k">20200913</subfield>
   <subfield code="m">NTMTHI</subfield>
  </datafield>
  <datafield tag="Z40" ind1="3" ind2=" ">
   <subfield code="y">AN APPRAISAL ANALYSIS OF THE LANGUAGE OF JUDGES IN AMERICAN IDOL</subfield>
   <subfield code="l">Library of UFL</subfield>
   <subfield code="t">VIEW</subfield>
   <subfield code="x">http://catalog.udn.vn:80/F?func=service&amp;doc_library=UDN01&amp;local_base=UDN01&amp;doc_number=000041166&amp;sequence=000002&amp;line_number=0002&amp;func_code=DB_RECORDS&amp;service_type=MEDIA</subfield>
   <subfield code="f">luanvan_000007980.pdf</subfield>
   <subfield code="e">pdf</subfield>
   <subfield code="s">000832766</subfield>
   <subfield code="k">20200913</subfield>
   <subfield code="m">NTMTHI</subfield>
  </datafield>
  <datafield tag="999" ind1=" " ind2=" ">
   <subfield code="a">From the UDN01</subfield>
  </datafield>
  <datafield tag="AVA" ind1=" " ind2=" ">
   <subfield code="a">UDN50</subfield>
   <subfield code="b">LNN</subfield>
   <subfield code="c">English</subfield>
   <subfield code="d">401 NG-L</subfield>
   <subfield code="e">available</subfield>
   <subfield code="t">Error 5001 Not defined in file expand_doc_bib_avail.</subfield>
   <subfield code="f">1</subfield>
   <subfield code="g">0</subfield>
   <subfield code="h">N</subfield>
   <subfield code="i">0</subfield>
   <subfield code="j">AN</subfield>
   <subfield code="k">1</subfield>
  </datafield>
  <datafield tag="TYP" ind1=" " ind2=" ">
   <subfield code="a">Monograph</subfield>
  </datafield>
  <datafield tag="TYP" ind1=" " ind2=" ">
   <subfield code="a">Printed language</subfield>
  </datafield>
  <datafield tag="856" ind1=" " ind2=" ">
   <subfield code="y">AN APPRAISAL ANALYSIS OF THE LANGUAGE OF JUDGES IN AMERICAN IDOL</subfield>
   <subfield code="l">Library of UFL</subfield>
   <subfield code="t">VIEW</subfield>
   <subfield code="x">http://catalog.udn.vn:80/F?func=service&amp;doc_library=UDN01&amp;local_base=UDN01&amp;doc_number=000041166&amp;sequence=000001&amp;line_number=0001&amp;func_code=DB_RECORDS&amp;service_type=MEDIA</subfield>
   <subfield code="f">tomtat_000007976.pdf</subfield>
   <subfield code="e">pdf</subfield>
   <subfield code="s">000349094</subfield>
   <subfield code="k">20200913</subfield>
   <subfield code="m">NTMTHI</subfield>
  </datafield>
  <datafield tag="856" ind1=" " ind2=" ">
   <subfield code="y">AN APPRAISAL ANALYSIS OF THE LANGUAGE OF JUDGES IN AMERICAN IDOL</subfield>
   <subfield code="l">Library of UFL</subfield>
   <subfield code="t">VIEW</subfield>
   <subfield code="x">http://catalog.udn.vn:80/F?func=service&amp;doc_library=UDN01&amp;local_base=UDN01&amp;doc_number=000041166&amp;sequence=000002&amp;line_number=0002&amp;func_code=DB_RECORDS&amp;service_type=MEDIA</subfield>
   <subfield code="f">luanvan_000007980.pdf</subfield>
   <subfield code="e">pdf</subfield>
   <subfield code="s">000832766</subfield>
   <subfield code="k">20200913</subfield>
   <subfield code="m">NTMTHI</subfield>
  </datafield>
  <datafield tag="980" ind1=" " ind2=" ">
   <subfield code="a">Mạng thư viện Đại học Đà Nẵng</subfield>
  </datafield>
 </record>
</collection>
<br />
<b>Notice</b>:  fwrite(): write of 437 bytes failed with errno=28 No space left on device in <b>C:\vufind\module\VuFind\src\VuFind\Session\File.php</b> on line <b>152</b><br />
Cannot write session to C:\Windows\TEMP\vufind_sessions/sess_obe2ka3tr2jnohevisiefp2e7o
<br />
<b>Warning</b>:  session_write_close(): Failed to write session data using user defined save handler. (session.save_path: \xampp\tmp) in <b>C:\vufind\vendor\laminas\laminas-session\src\SessionManager.php</b> on line <b>235</b><br />
